000 00772cam a22002291 4500
001 he 68000406
003 DLC
005 20260227111453.0
008 840306s1903 pl 000 0 heb
010 _ahe 68000406
035 _a(OCoLC)19163796
040 _aDLC
_cMH
_dDLC
042 _apremarc
050 0 0 _aBM522.63
_b.I79
100 1 _aMeisels, David Dob,
_d1814-1876.
245 1 0 _aSheʼelot u-teshuvot ha-Radad :
_bḥeleḳ Even ha-ʻezer ...
260 _aPiotrków :
_bDefus M. Tsederboym,
_c663, 1903.
300 _a140 p. ;
_c35 cm.
501 _aWith ths is bound: Maĭzlish, Ẓebi Aryeh Judah Jacob: Sheʼelot u-teshuvot Ḥedṿat Yaʻaḳov, Pitroków Trybunalski, 1903.
650 0 _aResponsa
_y1800-1948.
752 _aPoland
_dPiotrków Trybunalski
999 _c32910
_d32910